000 01045nam a2200289 a 4500
001
003 DO-SdBNP
005 20240306121916.0
008 110406s2013 dr ac 001 0 spa d
020 _a9789945007381
040 _aDO-SdBNP
_bspa
_cBPMSU
082 _a929.92097293
_bE82e 2013
_222
100 1 _aEstrella Gómez, Miguel
245 1 0 _aEscudo nacional de la República Dominicana /
_cMiguel Estrella Gómez ; presentación Juan Daniel Balcácer
260 _aSanto Domingo :
_bCentro León,
_c2018
300 _a28 p. ;
_c23 cm.
_b
500 _3Centenario de la regulación del diseño del Escudo Nacional 1913-2013
504 _a
590 _aInventariado, 2024/VM
600 1 4 _a Duarte, Juan Pablo,
_d1813-1876
650 4 _aEmblemas nacionales
_zRepública Dominicana
650 4 _aBanderas
_zRepública Dominicana
_xHistoria
650 4 _aEscudos nacionales
_zRepública Dominicana
710 2 _aTribunal Constitucional de la República Dominicana
910 _a VMate V. Control de calidad. BPMSU
942 _2ddc
_cBK
999 _c14581
_d14581